[Event "AUTO-INT-3966"]
[Site "http://www.queenalice.com/game.php?id=1872053"]
[Date "2026.4.16"]
[Round "1"]
[White "Thisistheway"]
[Black "Ruusgugg"]
[Result "1-0"]
[WhiteElo "1880"]
[BlackElo "1439"]

1. e4 b6 2. d4 Bb7 3. Nc3 Nf6 4. Bd3 c5 5. Nf3 h6 6. O-O Ng4 7. Bf4 cxd4 8. Nxd4
Nc6 9. Nxc6 Bxc6 10. Qxg4 h5 11. Qe2 e6 12. Rad1 g5 13. Bc1 Bd6 14. Nb5 Bb7 15.
Nxd6+ Kf8 16. Qf3 g4 17. Qxf7# 1-0

[Event "AUTO-INT-3966"]
[Site "http://www.queenalice.com/game.php?id=1872054"]
[Date "2026.4.16"]
[Round "1"]
[White "Ruusgugg"]
[Black "Thisistheway"]
[Result "0-1"]
[WhiteElo "1443"]
[BlackElo "1858"]

1. f4 d5 2. e3 Nf6 3. h3 Ne4 4. Qf3 e5 5. d3 Qh4+ 6. Kd1 Nf2+ 7. Ke2 Nxh1 8. Kd1
Nc6 9. g3 Nxg3 10. Qf2 Nf5 11. Qd2 exf4 12. e4 Ne3+ 13. Ke2 Nd4# 0-1

[Event "AUTO-INT-3966"]
[Site "http://www.queenalice.com/game.php?id=1872067"]
[Date "2026.4.16"]
[Round "1"]
[White "Ruusgugg"]
[Black "wj64"]
[Result "1-0"]
[WhiteElo "1408"]
[BlackElo "1561"]

1. f4 e6 2. c3 f5 3. h4 Be7 4. Nf3 d6 5. b4 Bf6 6. Bb2 Nc6 7. Qa4 Bd7 8. b5 Nb8
9. d4 d5 10. Ne5 Bxh4+ 11. Kd1 Nf6 12. Rxh4 Ne4 13. g3 Nxg3 14. Bh3 Qxh4 15.
Nxd7 Nxd7 16. Bxf5 Nxf5 17. c4 dxc4 18. Qb4 Nb6 19. Ba3 1-0

[Event "AUTO-INT-3966"]
[Site "http://www.queenalice.com/game.php?id=1872068"]
[Date "2026.4.16"]
[Round "1"]
[White "wj64"]
[Black "Ruusgugg"]
[Result "0-1"]
[WhiteElo "1585"]
[BlackElo "1384"]

1. e4 g5 2. d4 Nf6 3. e5 Nd5 4. Bc4 e6 5. Nf3 g4 6. Nfd2 h5 7. Ne4 c6 8. Nd6+
Bxd6 9. exd6 b5 10. Bxd5 cxd5 11. Nc3 Qa5 12. Bg5 Ba6 13. O-O Rg8 14. Be7 Nc6
15. Bf6 Rg6 16. Bh4 b4 17. Ne2 Qb6 18. Re1 Qb8 0-1

[Event "AUTO-INT-3966"]
[Site "http://www.queenalice.com/game.php?id=1872070"]
[Date "2026.4.16"]
[Round "1"]
[White "jenyasm"]
[Black "Ruusgugg"]
[Result "1-0"]
[WhiteElo "1657"]
[BlackElo "1483"]

1. e4 d6 2. d4 h5 3. d5 Nf6 4. f3 h4 5. Nc3 c6 6. Bg5 e6 7. Bxf6 Qxf6 8. Qd3
cxd5 9. exd5 e5 10. O-O-O a6 11. Kb1 b5 12. Ne4 Qd8 13. Qc3 Ra7 14. Qd2 Bf5 15.
Bd3 g6 16. Ne2 Bh6 17. Qb4 Bf8 18. g4 Bd7 19. Nxd6+ Bxd6 20. Qxd6 b4 21. Qxe5+
Kf8 22. Qxh8+ Ke7 23. Qxd8+ Kxd8 24. b3 a5 25. Nd4 Na6 26. Bb5 Bc8 27. Nc6+ Ke8
28. Nxa7+ 1-0

[Event "AUTO-INT-3967"]
[Site "http://www.queenalice.com/game.php?id=1872635"]
[Date "2026.4.29"]
[Round "1"]
[White "flanny"]
[Black "Ruusgugg"]
[Result "1-0"]
[WhiteElo "1693"]
[BlackElo "1433"]

1. e4 d5 2. e5 h5 3. Nc3 d4 4. Ne4 f5 5. exf6 Bg4 6. f7+ Kxf7 7. f3 Bf5 8. Ng5+
Ke8 9. g4 hxg4 10. fxg4 Bg6 11. Qf3 c6 12. Bc4 Nf6 13. Ne6 Qd7 14. Qb3 Nxg4 15.
Nf3 Rh3 16. Neg5 Rh5 17. Bf7+ Bxf7 18. Qxf7+ Kd8 19. Ne6+ Qxe6+ 20. Qxe6 Nf6 21.
d3 Rc5 22. Ne5 Nbd7 23. Nf7+ Ke8 24. Nd6+ Kd8 25. Nxb7+ Kc8 26. Nxc5 Rb8 27. Bf4
Rb5 28. Qxc6+ Kd8 29. Qxb5 e6 30. Nxe6+ Ke7 31. Nxf8 1-0

[Event "AUTO-INT-3967"]
[Site "http://www.queenalice.com/game.php?id=1872636"]
[Date "2026.4.29"]
[Round "1"]
[White "Ruusgugg"]
[Black "flanny"]
[Result "0-1"]
[WhiteElo "1443"]
[BlackElo "1735"]

1. b4 e5 2. b5 d5 3. d4 e4 4. a4 a6 5. Nc3 axb5 6. Nxb5 c6 7. Nc3 Bb4 8. Bb2 Nf6
9. g3 Ng4 10. Nh3 Qa5 11. Qd2 O-O 12. Qf4 Bxc3+ 13. Bxc3 Qxc3+ 14. Qd2 Qxa1+ 15.
Qd1 Rxa4 16. f3 Qc3+ 17. Qd2 Ra1# 0-1

[Event "AUTO-INT-3967"]
[Site "http://www.queenalice.com/game.php?id=1872653"]
[Date "2026.4.29"]
[Round "1"]
[White "Ruusgugg"]
[Black "ajr"]
[Result "0-1"]
[WhiteElo "1439"]
[BlackElo "1695"]

1. b4 e5 2. Ba3 d5 3. d4 e4 4. f4 exf3 5. Nxf3 Nc6 6. h3 Nxb4 7. Bb2 Nf6 8. g4
a6 9. a3 Nc6 10. g5 Ne4 11. h4 g6 12. Bc1 Qd6 13. Rg1 Bg4 14. Qd3 Bxf3 15. exf3
Ng3 16. Bg2 Bg7 17. c3 Nf5 18. Ra2 Nxh4 19. Bh3 O-O 20. Rg4 Rfe8+ 21. Kd1 Nf5
22. Bf4 Qe6 23. Rg1 Qd7 24. Rh2 Na5 25. Re1 Rxe1+ 26. Kxe1 Re8+ 27. Re2 Rxe2+
28. Kxe2 Ng3+ 29. Bxg3 Qxh3 30. Bxc7 Qg2+ 31. Kd1 Nc6 32. Nd2 Qxg5 33. Nb3 Qe7
34. Bf4 Qxa3 35. Qe3 Qxb3+ 36. Ke2 Qc2+ 37. Kf1 Qf5 38. Qe8+ Bf8 39. Bh6 Qh3+
40. Ke2 Qxh6 41. Qd7 Qh2+ 42. Kd3 Qb2 43. f4 Qb5+ 44. Kc2 Nxd4+ 45. cxd4 Qxd7
0-1

[Event "AUTO-INT-3967"]
[Site "http://www.queenalice.com/game.php?id=1872655"]
[Date "2026.4.29"]
[Round "1"]
[White "Ruusgugg"]
[Black "EduardoRo"]
[Result "0-1"]
[WhiteElo "1464"]
[BlackElo "1764"]

1. b4 e5 2. Ba3 Nf6 3. c4 d6 4. d4 exd4 5. Qxd4 Bf5 6. Nc3 Be7 7. e4 Nc6 8. Qe3
Bg4 9. h3 Bh5 10. Qg3 Nd4 11. Bd3 O-O 12. Qe3 c5 13. b5 Qa5 14. Bb2 a6 15. Ne2
axb5 16. g4 Bg6 17. g5 Nh5 18. O-O Nxe2+ 19. Nxe2 b4 20. f4 f5 21. e5 dxe5 22.
Qxe5 Rae8 23. Qd5+ Rf7 24. a3 bxa3 25. Rxa3 Qc7 26. Ra7 Bd6 27. Rxb7 Qxb7 28.
Qxd6 Qxb2 29. Qc6 Rfe7 30. Qxc5 Rxe2 31. Bxe2 Qxe2 32. Qd5+ Bf7 33. Qxf5 Bxc4
34. Qb1 Nxf4 35. Rf2 Nxh3+ 36. Kg2 Qxf2+ 37. Kxh3 Re3+ 38. Kg4 Be6+ 39. Kh5 g6+
40. Kh6 Rh3# 0-1